[Event "Lauda MA"]
[Site "Lauda"]
[Date "1986.??.??"]
[Round "8"]
[White "Raupp, Thomas"]
[Black "Schuh, Hubert"]
[Result "1/2-1/2"]
[WhiteElo "2275"]
[BlackElo "2290"]

1.d4 d5 2.c4 dxc4 3.Nf3 Nf6 4.e3 e6 5.Bxc4 c5 6.O-O a6 7.Qe2 Nc6 8.Rd1 Qc7
9.Nc3 b5 10.Bb3 Bd6 11.dxc5 Bxc5 12.h3 O-O 13.e4 Nh5 14.Be3 Nf4 15.Qd2 Bxe3
16.Qxe3 Na5 17.Rac1 Qb8 18.Nd4 Bb7 19.Rd2 h6  1/2-1/2

[Event "DSV-Turnier"]
[Site "Leipzig"]
[Date "1986.??.??"]
[Round "13"]
[White "Lukacs, Peter"]
[Black "Yakovich, Yuri"]
[Result "1/2-1/2"]
[WhiteElo "2435"]
[BlackElo "2440"]

1.d4 d5 2.c4 dxc4 3.Nf3 Nf6 4.e3 e6 5.Bxc4 c5 6.dxc5 Qxd1+ 7.Kxd1 Bxc5 8.a3 Ke7
9.b4 Bd6 10.Bb2 Kd7 11.Ke2 a6 12.Nbd2 b5 13.Bd3  1/2-1/2

[Event "Minsk Int"]
[Site "Minsk"]
[Date "1986.??.??"]
[Round "?"]
[White "Mikhalchishin, Adrian"]
[Black "Balashov, Yuri S"]
[Result "1/2-1/2"]
[WhiteElo "2525"]
[BlackElo "2530"]

1.d4 d5 2.c4 dxc4 3.Nf3 Nf6 4.e3 e6 5.Bxc4 c5 6.O-O a6 7.Qe2 b5 8.Bb3 Bb7
9.Rd1 Nbd7 10.e4 cxd4 11.e5 Nd5 12.Rxd4 Qc7 13.Bd2 N5b6 14.Nc3 Bxf3 15.Qxf3 Bc5
16.Rg4 Nxe5 17.Qg3 Bd6 18.Ne4 Nec4 19.Nxd6+ Qxd6 20.Qxd6 Nxd6 21.Rxg7 Nf5
22.Rg4 h5 23.Rb4 O-O-O 24.Bc3 Rhg8 25.a4 Nd5 26.Bxd5 Rxd5 27.axb5 axb5 28.f3 Kb7
29.Kf2 Rc8 30.Re1 Rcc5 31.Rf4 Rd7 32.g4 hxg4 33.fxg4 Nh4 34.Kg3  1/2-1/2

[Event "New York op"]
[Site "New York"]
[Date "1986.??.??"]
[Round "?"]
[White "Shamkovich, Leonid"]
[Black "Dlugy, Maxim"]
[Result "0-1"]
[WhiteElo "2435"]
[BlackElo "2545"]

1.d4 d5 2.c4 dxc4 3.Nf3 Nf6 4.e3 e6 5.Bxc4 c5 6.O-O a6 7.Qe2 cxd4 8.exd4 Be7
9.Nc3 b5 10.Bb3 Bb7 11.Bg5 O-O 12.Rfe1 Nc6 13.Rad1 Nd5 14.Nxd5 Bxg5 15.Nb6 Nxd4
16.Nxd4 Qxb6 17.Qg4 Bf6 18.Nxe6 Bc8  0-1

[Event "POL-chT"]
[Site "Porabka"]
[Date "1986.??.??"]
[Round "?"]
[White "Panczyk, Krzysztof"]
[Black "Szymczak, Zbigniew"]
[Result "1/2-1/2"]
[WhiteElo "2410"]
[BlackElo "2415"]

1.d4 d5 2.c4 dxc4 3.Nf3 Nf6 4.e3 e6 5.Bxc4 c5 6.O-O a6 7.Qe2 b5 8.Bd3 cxd4
9.Nxd4 Be7 10.Rd1 O-O 11.a4 bxa4 12.Nc3 Bb7 13.Nxa4 Nbd7 14.Nf3 Qb8 15.e4 Rd8
16.Bg5 h6 17.Bh4  1/2-1/2

[Event "Sao Paulo"]
[Site "Sao Paulo"]
[Date "1986.??.??"]
[Round "?"]
[White "Milos, Gilberto"]
[Black "Loureiro, Luiz"]
[Result "1-0"]
[WhiteElo "2430"]
[BlackElo "2295"]

1.d4 d5 2.c4 dxc4 3.Nf3 Nf6 4.e3 e6 5.Bxc4 c5 6.O-O a6 7.Qe2 Nc6 8.Nc3 cxd4
9.exd4 Nxd4 10.Nxd4 Qxd4 11.Rd1 Qa7 12.Rd3 Bd7 13.Bf4 Be7 14.Rg3 Rg8 15.Rd1 b5
16.Bb3 Rc8 17.Be5 Kf8 18.Ne4 Nxe4 19.Qxe4 Bc5 20.Rgd3 Bc6 21.Qxh7 Bd5 22.Bxd5 exd5
23.Rxd5 Be7 24.h3 f6 25.Bd6 Re8 26.Bxe7+ Qxe7 27.Rd7 Qe6 28.Qh5 Re7 29.Rd8+ Re8
30.R1d6 Qe1+ 31.Kh2 Qe5+ 32.Qxe5 fxe5 33.Rxe8+ Kxe8 34.Rxa6 Kf7 35.Rb6 Ra8
36.a3 Rd8 37.Rxb5 Kf6 38.f3 Rd2 39.Kg3 Kf5 40.b4 g5 41.a4 Ra2 42.a5 Ra4 43.Rb7 Ra3
44.Kh2  1-0

[Event "URS-ch sf"]
[Site "Sevastopol"]
[Date "1986.??.??"]
[Round "?"]
[White "Ubilava, Elizbar"]
[Black "Dokhoian, Yury"]
[Result "1-0"]
[WhiteElo "2515"]
[BlackElo "2365"]

1.d4 d5 2.c4 dxc4 3.Nf3 Nf6 4.e3 e6 5.Bxc4 c5 6.O-O a6 7.Qe2 Nc6 8.Nc3 b5
9.Bb3 cxd4 10.Rd1 d3 11.Rxd3 Qc7 12.e4 Be7 13.Nd5 Qb7 14.Nxe7 Nxe7 15.e5 Ne4
16.Bc2 Nc5 17.Rd6 Nf5 18.Be3 Nxd6 19.Bxc5 Nc4 20.Be4 Qc7 21.Bd6 Qa7 22.Bxa8 Qxa8
23.a4 Qb7 24.axb5 Qxb5 25.Rc1 Nxd6 26.Qxb5+ axb5 27.exd6 Kd8 28.Ne5  1-0

[Event "Szirak"]
[Site "Szirak"]
[Date "1986.??.??"]
[Round "?"]
[White "Nogueiras, Jesus"]
[Black "Spraggett, Kevin"]
[Result "0-1"]
[WhiteElo "2570"]
[BlackElo "2525"]

1.d4 d5 2.c4 dxc4 3.Nf3 Nf6 4.e3 e6 5.Bxc4 c5 6.Qe2 a6 7.dxc5 Bxc5 8.O-O Nc6
9.e4 b5 10.Bb3 e5 11.Be3 Qb6 12.Nc3 Bxe3 13.fxe3 O-O 14.Nd5 Nxd5 15.exd5 Na5
16.Nxe5 Nxb3 17.axb3 f6 18.Nc6 Re8 19.Qd2 Bb7 20.Qd4 Qxd4 21.exd4 Rac8 22.Rfc1 Rc7
23.Rc5 Rd7 24.Kf2 Kf8 25.Rd1 Rd6 26.Rd3 h6 27.Re3 Rxe3 28.Kxe3 Ke8 29.Ke4 g6
30.Rc3 Bc8 31.Rc5 Bb7 32.Na5 Ba8 33.Rc8+ Rd8 34.Rc5 Kd7 35.b4 Re8+ 36.Kd3 Kd6
37.g4 Bxd5 38.h4 g5 39.hxg5 hxg5 40.Rc1 Rh8 41.Rf1 Rh3+ 42.Kd2 Rf3 43.Rg1 Rf2+  0-1

[Event "Tbilisi"]
[Site "Tbilisi"]
[Date "1986.??.??"]
[Round "?"]
[White "Kantsler, B."]
[Black "Tal, Mihail"]
[Result "1/2-1/2"]
[WhiteElo "2405"]
[BlackElo "2600"]

1.d4 Nf6 2.Nf3 d5 3.c4 dxc4 4.e3 e6 5.Bxc4 c5 6.O-O a6 7.a4 Nc6 8.Nc3 Be7
9.Qe2 cxd4 10.Rd1 O-O 11.exd4 Nd5 12.Qe4 Nf6 13.Qe2 Nd5 14.Qe4  1/2-1/2

[Event "Belgrade (Women)"]
[Site "Belgrade"]
[Date "1987.??.??"]
[Round "6"]
[White "Litinskaya, Marta I"]
[Black "Nutu Gajic, Dana"]
[Result "1/2-1/2"]
[WhiteElo "2415"]
[BlackElo "2335"]

1.d4 d5 2.c4 dxc4 3.Nf3 Nf6 4.e3 e6 5.Bxc4 c5 6.Nc3 a6 7.a4 Nc6 8.O-O Be7
9.Qe2 cxd4 10.Rd1 e5 11.exd4 exd4 12.Be3 Bg4 13.Bxd4 Nxd4 14.Rxd4 Qxd4 15.Nxd4 Bxe2
16.Bxe2 O-O 17.Bf3 Rab8 18.g3 Bc5 19.Nb3 Ba7 20.Na5 Rfd8 21.Rd1 Rxd1+ 22.Nxd1 Rd8
23.Nxb7 Rd3 24.Be2 Rd4 25.Na5 Rxa4 26.Nc6 Bb6 27.Nb8 a5 28.Nc6 Ne4 29.Kg2 Ra1
30.Ne5 Bd4 31.Nc4 Nc5 32.Kf3 Ne6 33.Ke4 g6 34.Nce3 Bg7 35.Bc4 Nc5+ 36.Kd5 Na4
37.b3 Nb6+ 38.Kc5 Nxc4 39.Kxc4 Rb1 40.h4 f5 41.f4 Kf7 42.h5 gxh5 43.Nf2 Ke6
44.Nd3 Bf8 45.Nc2 Rg1 46.Nd4+ Kf6 47.Ne5 Rxg3 48.Nd7+ Kf7 49.Ne5+ Ke8 50.Nxf5 Rg1
51.Kd5 Rb1 52.Kc4 Rf1 53.Nd3 Kf7 54.Ne3 Rg1 55.Ne5+ Ke6 56.Nf3 Rg3 57.Ng5+ Rxg5
58.fxg5 Be7 59.Kd3 h4 60.Ke2 h3 61.Kf3 Bd6 62.Nc4 Bc7 63.Nxa5 Bxa5 64.Kg3 Kf5
65.Kxh3 Be1 66.b4 Bxb4 67.Kh2 Kg4 68.Kg2 Bd6 69.Kg1 Kg3 70.Kh1 Bf4 71.Kg1 Be3+
72.Kh1 Bd4 73.g6 h5  1/2-1/2

[Event "Biel schev"]
[Site "Biel"]
[Date "1987.??.??"]
[Round "?"]
[White "Huss, Andreas"]
[Black "Muresan, Margareta"]
[Result "1-0"]
[WhiteElo "2375"]
[BlackElo "2310"]

1.d4 d5 2.c4 dxc4 3.Nf3 Nf6 4.e3 e6 5.Bxc4 c5 6.O-O a6 7.a4 Nc6 8.Qe2 Qc7
9.Nc3 Be7 10.dxc5 Bxc5 11.Bd2 O-O 12.Rfc1 Bd7 13.Bd3 Qd6 14.Bxh7+ Kxh7 15.Ng5+ Kg8
16.Nce4 Nxe4 17.Nxe4 Qe7 18.Nxc5 Rab8 19.b4 Rfd8 20.Bc3 Be8 21.Qg4 f5 22.Qg3 e5
23.b5 Rd5 24.Nxa6 bxa6 25.bxc6 Rc8 26.Rd1 Rxd1+ 27.Rxd1 Bxc6 28.Bxe5 Bxa4
29.Ra1 Be8 30.h4 Rc6 31.Qf4 Re6 32.Bd4 Rh6 33.g3 Qf7 34.Rc1 Rc6 35.Rb1 Kh7
36.Qb8 Rc7 37.Be5 Re7 38.Qd6 Re6 39.Qc5 Bb5 40.Rd1 Qh5 41.Rd8 Qe2 42.Rh8+ Kg6
43.e4 Qxe4 44.h5+ Kg5 45.Bxg7 Qf3 46.Be5 Bc6 47.Bf4+ Qxf4 48.gxf4+ Kh4 49.Qc3  1-0

[Event "HUN-ch op"]
[Site "Eger"]
[Date "1987.??.??"]
[Round "?"]
[White "Dejkalo, Stefan"]
[Black "Porubszky Angyalosine, Maria A"]
[Result "1-0"]
[WhiteElo "2355"]
[BlackElo "2210"]

1.d4 d5 2.c4 dxc4 3.Nf3 Nf6 4.e3 e6 5.Bxc4 c5 6.O-O Nc6 7.Qe2 a6 8.Rd1 Qc7
9.Nc3 b5 10.Bb3 Bb7 11.d5 exd5 12.Nxd5 Nxd5 13.Bxd5 Be7 14.e4 O-O 15.Be3 Rac8
16.Rac1 Nd8 17.Nd4 Bxd5 18.exd5 Qd7 19.Nf3 Bd6 20.Qc2 h6 21.Nh4 f5 22.Ng6 Re8
23.h4 Nf7 24.Bf4 c4 25.Re1 Bxf4 26.Nxf4 Ne5 27.h5 Qf7 28.Re2 Nd7 29.Rce1 Rxe2
30.Rxe2 Nc5 31.g3 Rd8 32.Rd2 Ne4 33.Rd1 Nd6 34.Qd2 Re8 35.Qa5 Qb7 36.Re1 Rxe1+
37.Qxe1 Ne4 38.f3 Qa7+ 39.Kg2 Ng5 40.Qe8+ Kh7 41.Ng6 Nf7 42.Ne7  1-0

[Event "Espergaerde"]
[Site "Espergaerde"]
[Date "1987.??.??"]
[Round "3"]
[White "Hoi, Carsten"]
[Black "Danielsen, Henrik"]
[Result "1-0"]
[WhiteElo "2365"]
[BlackElo "2415"]

1.d4 d5 2.Nf3 Nf6 3.c4 dxc4 4.e3 e6 5.Bxc4 c5 6.O-O a6 7.Nc3 b5 8.Bb3 Bb7
9.Qe2 Nbd7 10.Rd1 Qb8 11.e4 cxd4 12.Nxd4 Bd6 13.Bxe6 fxe6 14.Nxe6 Bxh2+ 15.Kh1 Qe5
16.Nxg7+ Kf7 17.Nf5 Rad8 18.Nh6+ Ke8 19.Ng4 Nxg4 20.Qxg4 Rf8 21.Bh6 Rf6 22.Qg8+ Ke7
23.Qg7+ Rf7 24.Qg5+ Ke8 25.Qg8+ Ke7 26.Bg5+ Rf6 27.Qxh7+ Ke6 28.Qh3+ Ke7
29.Nd5+  1-0

[Event "Granma zt"]
[Site "Granma"]
[Date "1987.??.??"]
[Round "?"]
[White "Garcia Gonzales, Guillermo"]
[Black "Moran, Bernardo"]
[Result "1-0"]
[WhiteElo "2495"]
[BlackElo "2290"]

1.d4 d5 2.c4 dxc4 3.e3 Nf6 4.Bxc4 e6 5.Nf3 c5 6.O-O Nc6 7.Qe2 a6 8.a4 Qc7
9.Nc3 Bd6 10.h3 O-O 11.Rd1 h6 12.Bd2 Bd7 13.d5 exd5 14.Nxd5 Nxd5 15.Bxd5 Rfe8
16.Bc3 Ne7 17.Bxb7 Qxb7 18.Rxd6 Ng6 19.Qc4 Be6 20.Qxc5 Bxh3 21.Rb6 Qe4 22.Qd4 Qxd4
23.Nxd4 Bd7 24.Nb3 Reb8 25.Rxb8+ Rxb8 26.Nc5  1-0

[Event "URS-FL"]
[Site "Kursk"]
[Date "1987.??.??"]
[Round "?"]
[White "Ruban, Vadim"]
[Black "Melnikov, A."]
[Result "1-0"]
[WhiteElo "2320"]
[BlackElo "2335"]

1.d4 d5 2.c4 dxc4 3.Nf3 Nf6 4.e3 e6 5.Bxc4 c5 6.Qe2 a6 7.dxc5 Bxc5 8.O-O Qc7
9.a3 Nbd7 10.b4 Bd6 11.Bb2 b5 12.Bd3 Bb7 13.Nbd2 O-O 14.Rac1 Qb8 15.h3 Ne5
16.Nxe5 Bxe5 17.Nb3 Be4 18.Bxe4 Nxe4 19.Na5 Bf6 20.Rc6 Rc8 21.Bxf6 Nxf6 22.Qc2 Rd8
23.Rc1 h6 24.Rc7 Nd5 25.Rb7 Qd6 26.Qc5 Rd7 27.Qxd6 Rxd6 28.Kf1 Rad8 29.Ra7 R8d7
30.Rxd7 Rxd7 31.Rc8+ Kh7 32.Rc6 Rc7 33.Rxc7 Nxc7 34.Ke2 Kg6 35.Kd3 e5 36.Ke4 f6
37.f4 exf4 38.exf4 Kf7 39.Nb3 Ke7 40.Nc5 Kd6 41.Kf5 Kd5 42.Kg6 a5 43.Kxg7 axb4
44.axb4 Kc4 45.Kxf6 Nd5+ 46.Ke5 Nxb4 47.Nb7 Nc6+ 48.Kd6 Nd4 49.Na5+ Kd3 50.Ke5 b4
51.f5 Nc6+ 52.Nxc6 b3 53.f6 b2 54.f7 b1=Q 55.f8=Q Qa1+ 56.Ke6 Qa2+ 57.Kd7  1-0

[Event "Lloyds Bank op"]
[Site "London"]
[Date "1987.??.??"]
[Round "3"]
[White "Dlugy, Maxim"]
[Black "Lev, Ronen"]
[Result "1/2-1/2"]
[WhiteElo "2545"]
[BlackElo "2400"]

1.d4 d5 2.c4 dxc4 3.Nf3 Nf6 4.e3 e6 5.Bxc4 c5 6.Qe2 a6 7.dxc5 Bxc5 8.O-O Nc6
9.e4 Qc7 10.e5 Nd7 11.Bf4 b5 12.Bb3 Be7 13.Nbd2 Nc5 14.Ne4 Nxe4 15.Qxe4 Bb7
16.Rac1 Rc8 17.Rc3 Qb8 18.Rfc1 Na7 19.Qe2 O-O 20.Ng5 Bxg5 21.Bxg5 Nc6 22.Re1 Nd4
23.Qg4 Rxc3 24.bxc3 Nf5 25.Bc2 Qc8 26.Qh3 h6 27.Bc1 Rd8 28.Bxf5  1/2-1/2

[Event "Malmo"]
[Site "Malmo"]
[Date "1987.??.??"]
[Round "?"]
[White "Schussler, Harry"]
[Black "Balashov, Yuri S"]
[Result "1/2-1/2"]
[WhiteElo "2490"]
[BlackElo "2550"]

1.d4 d5 2.Nf3 Nf6 3.c4 dxc4 4.e3 e6 5.Bxc4 c5 6.dxc5 Qxd1+ 7.Kxd1 Bxc5 8.Ke2 a6
9.a3 b5 10.Bd3 Bb7 11.b4 Bd6 12.Bb2 Nbd7 13.Nbd2 Ke7  1/2-1/2

[Event "Namestovo"]
[Site "Namestovo"]
[Date "1987.??.??"]
[Round "3"]
[White "Luther, Thomas"]
[Black "Rantanen, Yrjo A"]
[Result "1/2-1/2"]
[WhiteElo "2425"]
[BlackElo "2410"]

1.d4 d5 2.c4 dxc4 3.e3 e6 4.Bxc4 Nf6 5.Nf3 c5 6.O-O a6 7.dxc5 Bxc5 8.a3 b5
9.Ba2 Qxd1 10.Rxd1 Ke7 11.b4  1/2-1/2

[Event "Netanya op"]
[Site "Netanya"]
[Date "1987.??.??"]
[Round "7"]
[White "Motwani, Paul"]
[Black "Bruk, Ofer"]
[Result "1/2-1/2"]
[WhiteElo "2425"]
[BlackElo "2320"]

1.Nf3 d5 2.d4 Nf6 3.c4 dxc4 4.e3 e6 5.Bxc4 c5 6.O-O a6 7.dxc5 Bxc5 8.Qxd8+ Kxd8
9.a3 Ke7 10.b4 Bd6 11.Bb2 Nbd7 12.Nbd2 b5 13.Bd3 Bb7 14.Rac1 Rac8 15.Rfd1 Rhd8
16.Kf1 g6 17.g3 Nb6 18.Ke2 Na4 19.Ba1 Nd5 20.Nb1 Bb8 21.e4 Nf6 22.Nbd2 Ng4
23.Rxc8 Rxc8 24.h3 Nf6 25.Ke1 Ba7 26.Ne5 Ne8 27.Nb3 Nd6 28.f3 f6 29.Ng4 e5
30.Na5 Ba8 31.f4 Nxe4 32.Bxe4 Bxe4 33.fxe5 Bf3 34.exf6+ Ke6 35.Rd3 Be4 36.Rd2 h5
37.Ne5 Bb8 38.Re2 Bxe5 39.Rxe4 Rc1+ 40.Kf2 Rxa1 41.Rxe5+ Kxf6 42.Re3  1/2-1/2

[Event "Sarajevo"]
[Site "Sarajevo"]
[Date "1987.??.??"]
[Round "?"]
[White "Kurajica, Bojan"]
[Black "Drasko, Milan"]
[Result "1/2-1/2"]
[WhiteElo "2495"]
[BlackElo "2465"]

1.d4 Nf6 2.Nf3 d5 3.c4 dxc4 4.e3 e6 5.Bxc4 c5 6.O-O a6 7.Qe2 b5 8.Bb3 Bb7
9.a4 Nbd7 10.axb5 axb5 11.Rxa8 Qxa8 12.Nc3 b4 13.Nb5 Qa5 14.Nd2 Bc6 15.Bc4 Be7
16.e4 O-O  1/2-1/2

[Event "Tashkent Hodzhaev"]
[Site "Tashkent"]
[Date "1987.??.??"]
[Round "?"]
[White "Malaniuk, Vladimir P"]
[Black "Vladimirov, Evgeny"]
[Result "1/2-1/2"]
[WhiteElo "2575"]
[BlackElo "2525"]

1.d4 d5 2.c4 dxc4 3.Nf3 Nf6 4.e3 e6 5.Bxc4 c5 6.Qe2 a6 7.dxc5 Bxc5 8.O-O b5
9.Bd3 Nc6 10.a3 Bd6 11.Rd1 Bb7 12.b4 Qc7 13.Bb2 Ne5 14.Bxe5 Bxe5 15.Nxe5 Qxe5
16.Nd2 O-O 17.Nb3 Bd5 18.Nc5 a5 19.f4 Qc7 20.Bxb5 axb4 21.axb4 Rxa1 22.Rxa1 Rb8  1/2-1/2

[Event "Timisoara"]
[Site "Timisoara"]
[Date "1987.??.??"]
[Round "?"]
[White "Foisor, Ovidiu"]
[Black "Gheorghiu, Florin"]
[Result "1/2-1/2"]
[WhiteElo "2495"]
[BlackElo "2540"]

1.d4 d5 2.c4 dxc4 3.Nf3 Nf6 4.e3 e6 5.Bxc4 c5 6.O-O a6 7.Qe2 b5 8.Bb3 Bb7
9.Rd1 Nbd7 10.Nc3 Qb8 11.d5 Nxd5 12.Nxd5 Bxd5 13.Bxd5 exd5 14.Rxd5  1/2-1/2

[Event "Toronto"]
[Site "Toronto"]
[Date "1987.??.??"]
[Round "?"]
[White "Wilder, Michael"]
[Black "Pajak, John T"]
[Result "1-0"]
[WhiteElo "2485"]
[BlackElo "2265"]

1.d4 d5 2.c4 dxc4 3.e3 c5 4.Bxc4 Nf6 5.Nf3 e6 6.O-O a6 7.a4 Nc6 8.Qe2 cxd4
9.Rd1 Be7 10.exd4 O-O 11.Nc3 Nb4 12.Bf4 Nfd5 13.Be5 Bd7 14.Ne4 Rc8 15.Nc5 Bc6
16.a5 Kh8 17.Ra3 Rg8 18.Bg3 Qf8 19.Ne5 Bxc5 20.dxc5 Be8 21.Nd3 Nxd3 22.Bxd3 Qxc5
23.Bxh7 Bb5 24.Qh5 Nf4 25.Qxc5 Ne2+ 26.Kh1 Rxc5 27.Bxg8 Kxg8 28.Bd6 Rc2 29.h4 f6
30.h5 e5 31.h6 gxh6 32.Rh3 Kg7 33.Ba3 Nf4 34.Rg3+ Kf7 35.Rd8 Bc6 36.f3 Nxg2
37.Rf8+ Ke6 38.Rg6 Nf4 39.Rfxf6+ Kd5 40.Rd6+ Kc4 41.Rxc6+ bxc6 42.Rxc6+ Kd3
43.Rxc2 Kxc2 44.Bd6 Nd3 45.b4 e4 46.b5 exf3 47.bxa6 Kd1 48.Bg3  1-0

[Event "Vrnjacka Banja"]
[Site "Vrnjacka Banja"]
[Date "1987.??.??"]
[Round "9"]
[White "Atanasijadis, Antimos"]
[Black "Drasko, Milan"]
[Result "1/2-1/2"]
[WhiteElo "2305"]
[BlackElo "2465"]

1.d4 Nf6 2.Nf3 d5 3.c4 dxc4 4.e3 e6 5.Bxc4 c5 6.O-O a6 7.dxc5 Qxd1 8.Rxd1 Bxc5
9.a3 b5 10.b4 Be7 11.Be2 Nbd7 12.Nbd2 Nb6 13.Bb2 Bb7 14.Rac1 Bd5 15.Nd4  1/2-1/2

[Event "Badenweiler op"]
[Site "Badenweiler"]
[Date "1988.??.??"]
[Round "7"]
[White "Barlov, Dragan"]
[Black "Gheorghiu, Florin"]
[Result "1/2-1/2"]
[WhiteElo "2520"]
[BlackElo "2535"]

1.d4 d5 2.Nf3 Nf6 3.c4 dxc4 4.e3 c5 5.Bxc4 e6 6.O-O a6 7.a4 Nc6 8.Qe2 Qc7
9.Nc3 Bd6 10.dxc5 Bxc5 11.e4  1/2-1/2

[Event "Beersheba"]
[Site "Beersheba"]
[Date "1988.??.??"]
[Round "?"]
[White "Shrentzel, Israel"]
[Black "Lev, Ronen"]
[Result "1/2-1/2"]
[WhiteElo "2385"]
[BlackElo "2390"]

1.d4 d5 2.Nf3 Nf6 3.c4 dxc4 4.e3 e6 5.Bxc4 c5 6.O-O a6 7.a4 cxd4 8.exd4 Nc6
9.Nc3 Be7 10.Re1 O-O 11.Bg5  1/2-1/2

[Event "GMA-Open"]
[Site "Belgrade"]
[Date "1988.??.??"]
[Round "?"]
[White "Karpman, Vadim"]
[Black "Mirkovic, Slobodan"]
[Result "1/2-1/2"]
[WhiteElo "2490"]
[BlackElo "2395"]

1.d4 d5 2.c4 dxc4 3.e3 e6 4.Bxc4 Nf6 5.Nf3 c5 6.O-O a6 7.Bd3 Nc6 8.Nc3 cxd4
9.exd4 Be7 10.Bg5 O-O 11.Rc1 Bd7 12.Bb1 Rc8 13.a3 Nd5 14.Qd3 g6 15.Bh6 Re8
16.Ne4 Qb6 17.Qd2 Na5  1/2-1/2

[Event "GMA-Open"]
[Site "Belgrade"]
[Date "1988.??.??"]
[Round "?"]
[White "Ruban, Vadim"]
[Black "Drasko, Milan"]
[Result "1/2-1/2"]
[WhiteElo "2395"]
[BlackElo "2510"]

1.d4 d5 2.c4 dxc4 3.Nf3 Nf6 4.e3 e6 5.Bxc4 c5 6.Qe2 a6 7.dxc5 Bxc5 8.O-O Qc7
9.a3 Nc6 10.b4 Bd6 11.Bb2 O-O 12.Bd3 Ne5 13.Rc1 Qb8 14.Nxe5 Bxe5 15.Bxe5 Qxe5
16.Nd2 Bd7 17.Nc4 Qc7 18.Na5 Qb8 19.Qf3 b6 20.Nc6 Qd6 21.Bf1 Rac8 22.Nd4 Rxc1
23.Rxc1 a5 24.Rb1  1/2-1/2

[Event "GMA-Open"]
[Site "Belgrade"]
[Date "1988.??.??"]
[Round "?"]
[White "Savchenko, Stanislav"]
[Black "Mirkovic, Slobodan"]
[Result "1/2-1/2"]
[WhiteElo "2480"]
[BlackElo "2395"]

1.d4 d5 2.Nf3 Nf6 3.c4 dxc4 4.e3 e6 5.Bxc4 c5 6.O-O a6 7.Bd3 Nc6 8.dxc5 Bxc5
9.a3 O-O 10.Qe2 e5 11.Ng5 h6 12.Ne4 Nxe4 13.Bxe4 Be6 14.b4 Bd6 15.Bb2 f5
16.Bxc6 bxc6 17.Nd2 Qb8 18.Nc4 Bc7 19.Qc2 Qb5 20.Rac1 Rae8 21.Qc3 Bd5 22.f4 Re6
23.Nxe5 Bxe5 24.fxe5 Qe2 25.Rf2 Qg4 26.Qd4 Qh5 27.Qd1 Qg5 28.Qd2 Rg6 29.e4  1/2-1/2

[Event "Berlin op"]
[Site "Berlin-West"]
[Date "1988.??.??"]
[Round "9"]
[White "Gheorghiu, Florin"]
[Black "Balashov, Yuri S"]
[Result "1/2-1/2"]
[WhiteElo "2485"]
[BlackElo "2540"]

1.d4 d5 2.Nf3 Nf6 3.c4 dxc4 4.e3 e6 5.Bxc4 c5 6.O-O a6 7.dxc5 Qxd1 8.Rxd1 Bxc5
9.Nbd2 Nc6 10.Nb3 Be7 11.Bd2  1/2-1/2

[Event "Compack"]
[Site "Budapest"]
[Date "1988.??.??"]
[Round "?"]
[White "Rajna, George"]
[Black "Horvath, Gyula"]
[Result "1/2-1/2"]
[WhiteElo "2435"]
[BlackElo "2455"]

1.d4 d5 2.c4 dxc4 3.Nf3 Nf6 4.e3 e6 5.Bxc4 c5 6.O-O a6 7.dxc5 Qxd1 8.Rxd1 Bxc5
9.a3 O-O 10.b4 Be7 11.Bb2 b5 12.Be2 Bb7 13.Nbd2 Nbd7 14.Nb3 Rac8 15.Rac1 Nb6
16.Bd4  1/2-1/2

[Event "Texta"]
[Site "Budapest"]
[Date "1988.??.??"]
[Round "?"]
[White "Gavrikov, Viktor"]
[Black "Dorfman, Josif D"]
[Result "1/2-1/2"]
[WhiteElo "2545"]
[BlackElo "2540"]

1.Nf3 d5 2.d4 Nf6 3.c4 dxc4 4.e3 e6 5.Bxc4 c5 6.O-O a6 7.a4 Nc6 8.Qe2 Qc7
9.Nc3 Bd6 10.Rd1 O-O 11.h3 Rd8 12.dxc5 Bxc5 13.Rxd8+ Qxd8 14.e4 Nd4 15.Nxd4 Bxd4
16.Bd2  1/2-1/2

[Event "Calcutta"]
[Site "Calcutta"]
[Date "1988.??.??"]
[Round "?"]
[White "Hernandez, Roman"]
[Black "Barua, Dibyendu"]
[Result "1/2-1/2"]
[WhiteElo "2445"]
[BlackElo "2480"]

1.d4 d5 2.Nf3 Nf6 3.c4 dxc4 4.e3 e6 5.Bxc4 c5 6.O-O a6 7.a3 b5 8.Ba2 Bb7
9.Qe2 Nbd7 10.Rd1 Qb8 11.Nc3 Bd6 12.dxc5 Nxc5 13.b4 Nce4 14.Nxe4 Bxe4 15.Bb2 O-O
16.h3 Rd8 17.Nd4 Qb6 18.Nb3 e5 19.Na5 Rac8 20.Rac1 Bb8 21.Bb3 h6 22.Rxd8+ Rxd8
23.Bc2 Bd5 24.e4 Ba8 25.Nb3 Bd6 26.Bb1 Nd7 27.Ba2 Nf6 28.Bb1 Nd7  1/2-1/2

[Event "Caorle op"]
[Site "Caorle"]
[Date "1988.??.??"]
[Round "1"]
[White "Gigerl, Erich"]
[Black "Pavicic, Zeljko"]
[Result "0-1"]
[WhiteElo "2225"]
[BlackElo "2425"]

1.d4 d5 2.c4 dxc4 3.Nf3 Nf6 4.e3 e6 5.Bxc4 c5 6.O-O a6 7.a4 Nc6 8.Qe2 Be7
9.Rd1 Qc7 10.Nc3 O-O 11.e4 Ng4 12.e5 cxd4 13.Nxd4 Ngxe5 14.Bf4 Qa5 15.Nxc6 Nxc6
16.Rac1 Bg5 17.Bxg5 Qxg5 18.Ne4 Qe7 19.Qe3 e5 20.Qb6 Nd4 21.Qd6 Qh4 22.Qxe5 Nc6
23.g3 Nxe5 24.gxh4 Bg4 25.f3 Bxf3 26.Re1 Rad8 27.Kf2 Rd4 28.Ng5 Rxc4 29.Rxc4 Nxc4
30.Kxf3 h6 31.Ne4 Ne5+ 32.Kg3 Nd3 33.Rd1 Ne5 34.Rd5 f6 35.Nc5 Rc8 36.Nxb7 Rb8
37.Nc5 Rxb2 38.Nxa6 Rb3+ 39.Kg2 Ng6 40.Rd8+ Kh7 41.Nc5 Nxh4+ 42.Kg1 Rb4 43.a5 Nf3+
44.Kf1 Nxh2+ 45.Ke1 Rb5 46.a6 Rxc5 47.a7 Ra5 48.a8=Q Rxa8 49.Rxa8 g5 50.Kf2 h5
51.Kg3 Ng4 52.Kf3  0-1

[Event "Delmenhorst"]
[Site "Delmenhorst"]
[Date "1988.??.??"]
[Round "?"]
[White "Heinsohn, Thomas"]
[Black "Sapi, Laszlo"]
[Result "1/2-1/2"]
[WhiteElo "2200"]
[BlackElo "2370"]

1.d4 d5 2.c4 dxc4 3.Nf3 Nf6 4.e3 e6 5.Bxc4 c5 6.O-O Nc6 7.Nc3 a6 8.dxc5 Qxd1
9.Rxd1 Bxc5 10.a3 Ke7 11.b4 Bd6 12.Bb2 Rd8 13.Kf1 Bd7 14.Bb3  1/2-1/2

[Event "Edinburgh op"]
[Site "Edinburgh"]
[Date "1988.??.??"]
[Round "8"]
[White "Giulian, Philip M"]
[Black "Condie, Mark L"]
[Result "0-1"]
[WhiteElo "2270"]
[BlackElo "2455"]

1.d4 d5 2.c4 dxc4 3.e3 Nf6 4.Bxc4 e6 5.Nf3 c5 6.O-O a6 7.a4 Nc6 8.Qe2 Qc7
9.Nc3 Bd6 10.dxc5 Bxc5 11.e4 Ng4 12.g3 Nge5 13.Nxe5 Nxe5 14.Ba2 Qb6 15.a5 Qa7
16.Na4 Bd7 17.Nxc5 Qxc5 18.Be3 Qb4 19.Bf4 Bb5 20.Qh5 Ng6 21.Rfe1 O-O 22.Be3 Rac8
23.Qg5 Rc2 24.h4 Qxe4 25.Bc5 Qf3 26.Qe3 Nxh4 27.gxh4 Qg4+ 28.Qg3 Qxg3+ 29.fxg3 Rxc5
30.Rad1 Rfc8  0-1

[Event "FIN-ch"]
[Site "Helsinki"]
[Date "1988.??.??"]
[Round "5"]
[White "Yrjola, Jouni"]
[Black "Kekki, Petri"]
[Result "0-1"]
[WhiteElo "2455"]
[BlackElo "2230"]

1.d4 d5 2.c4 dxc4 3.Nf3 Nf6 4.e3 e6 5.Bxc4 c5 6.Qe2 a6 7.dxc5 Bxc5 8.O-O Nc6
9.e4 b5 10.e5 Nd7 11.Bb3 Qb6 12.Nc3 Bb7 13.Bf4 Nd4 14.Nxd4 Bxd4 15.Rfd1 Qc6
16.Nd5 Bc5 17.Qg4 exd5 18.Bxd5 Qxd5 19.Rxd5 Bxd5 20.Rc1 g6 21.Bh6 Bf8 22.Bxf8 Rxf8
23.Qd4 Bxa2 24.h3 Rd8 25.Rc7 Be6 26.Qd6 a5 27.Rb7 b4 28.Ra7 b3 29.f4 h5 30.Rxa5 h4
31.Ra7 Rh8 32.Kf2 Rh5 33.Qc6 Rf5 34.Ra8 Rxf4+ 35.Ke3 Rc4 36.Qb7 Rc5 37.Rxd8+ Kxd8
38.Qa8+ Ke7 39.Qa3 Kf8 40.Qb4 g5 41.Kf2 Kg7 42.Kg1 Rxe5 43.Qd4 Kg6 44.Qd3+ Rf5
45.Qd4 Nf6 46.Qd8 Rd5 47.Qb8 Rd1+ 48.Kh2 Rd2 49.Qe5 Bd5 50.Kh1 Bxg2+ 51.Kg1 Bd5
52.Kf1 Rd3  0-1

[Event "FIN-ch"]
[Site "Helsinki"]
[Date "1988.??.??"]
[Round "11"]
[White "Yrjola, Jouni"]
[Black "Hentunen, Asko"]
[Result "1-0"]
[WhiteElo "2455"]
[BlackElo "2285"]

1.d4 d5 2.c4 dxc4 3.Nf3 Nf6 4.e3 e6 5.Bxc4 c5 6.O-O Nc6 7.Qe2 Qc7 8.Nc3 a6
9.Rd1 Be7 10.a3 O-O 11.dxc5 Bxc5 12.b4 Be7 13.Bb2 Rd8 14.Bd3 Bd7 15.Rac1 Be8
16.Na4 b5 17.Nc5 Qb6 18.Ne5 Nxe5 19.Bxe5 Nd7 20.Nxd7 Rxd7 21.Bxh7+ Kxh7 22.Rxd7 Bxd7
23.Qd3+ Kg8 24.Qxd7 Qd8 25.Qc6 a5 26.Bc7 Qe8 27.Qxe8+ Rxe8 28.Bxa5 Bf6 29.Rc2 Re7
30.Kf1 Rd7 31.Ke2 Rd5 32.g4 g6 33.Bb6 Kf8 34.Rd2 Rxd2+ 35.Kxd2 Bb2 36.Bd4 Bxa3
37.Bc3 Ke7 38.Kc2 Kd6 39.h4 e5 40.e4 Ke6 41.Bd2  1-0

[Event "Kecskemet"]
[Site "Kecskemet"]
[Date "1988.??.??"]
[Round "?"]
[White "Boensch, Uwe"]
[Black "Klundt, Klaus"]
[Result "0-1"]
[WhiteElo "2510"]
[BlackElo "2410"]

1.d4 d5 2.c4 dxc4 3.Nf3 Nf6 4.e3 e6 5.Bxc4 c5 6.O-O a6 7.a4 Nc6 8.Qe2 cxd4
9.Rd1 Be7 10.exd4 O-O 11.Nc3 Nd5 12.Bd3 Ncb4 13.Bb1 b6 14.h4 Bb7 15.Ng5 g6
16.Ra3 Rc8 17.Nce4 Nf6 18.h5 Nxh5 19.Nxh7 Kxh7 20.Nc5 Qd5 21.Nxb7 f5 22.Rh3 Kg7
23.Bd2 Qxb7 24.Qxe6 Rc6 25.Qe3 Rh8 26.Re1 Rc7 27.Bxf5 Nd5 28.Qf3 Ndf6 29.Be4 Nxe4
30.Rxe4 Nf6 31.Re6 Qxf3 32.Rxf3 Nd5 33.g3 Rd8 34.a5 Rd6 35.axb6 Rxe6 36.bxc7 Nxc7
37.Bf4 Nd5 38.Be5+ Bf6 39.Bxf6+ Nxf6 40.Ra3 Rb6 41.Ra5 Kf7 42.d5 Ke7 43.Kg2 Kd6
44.Kf3 Nxd5 45.Kg4 Ke6 46.Kg5 Ne7 47.Kh6 Kf7 48.g4 Rxb2 49.Rxa6 Rxf2 50.Kg5 Re2
51.Ra7 Kg7 52.Rb7 Re5+ 53.Kf4 Re1 54.Kg5 Kf7 55.Ra7 Re5+ 56.Kh6 Rc5 57.Rb7 Kf6
58.Rb6+ Rc6 59.Rb1 Rc3 60.Rf1+ Nf5+ 61.Kh7 Rh3+ 62.Kg8 Rg3 63.gxf5 gxf5+
64.Kf8 Kg5 65.Kf7 f4 66.Ke6 Kg4 67.Ke5 Re3+ 68.Kd4 Re8 69.Rg1+ Kh3 70.Rg7 f3
71.Rf7 Kg2 72.Rg7+ Kf1 73.Kd3 f2 74.Ra7 Rg8  0-1